000 01423cam a22001934a 4500
005 20250605163948.0
008 250528s ||||||||||||||||||||||||d
035 _a15265
020 _a7793749
040 _aGR-AtMCL
_bgre
_dGR-AtMCL
_eAACR2
245 1 _aThe American Corporation / Its Power, Its Money, Its Politics
260 _bE.P. Dutton & Co., Inc,
_c1970
300 _a312
520 _aThis book is vital reading for those who want to be aware of the challenges our democratic system will face in the 1970's. Introduction, Politics and the New Worlds of Business, The New Faces of Corporate America, The Corporate Goliaths, The Industrial Octopi, Who Controls Corporate America?, The New Business Constituency, The Postindustrial State, Business and Higher Education: The Emerging Alliance, Business's New Economic-Technological Environment, The Economic Prospect, The Scientific Explosion, Industry and the Technological Revolution, Science and Business and the New Economy, The New Partnership, The Role of Anti Trust, The Evolving Coalition, Business and the Urban Crisis, The Internationalization of Business, Business and the Emerging World Economy, The Internationalization of Business, The Political Dimensions of Corporate Supranationalism, Conclusion, Business and Government and the Public, Index.
700 1 _aBarber J. Richard
_91159
942 _cBK
999 _c858
_d858